Commissioner Roosevelt : The Story of Theodore Roosevelt and the New York City Police 1895-1897 (Record no. 320866)
[ view plain ]
| 000 -LEADER | |
|---|---|
| fixed length control field | 00460 a2200157 4500 |
| 001 - CONTROL NUMBER | |
| control field | 85793 |
| 003 - CONTROL NUMBER IDENTIFIER | |
| control field | NUST |
| 005 - DATE AND TIME OF LATEST TRANSACTION | |
| control field | 20180119203813.0 |
| 008 - FIXED-LENGTH DATA ELEMENTS--GENERAL INFORMATION | |
| fixed length control field | 180119b xxu||||| |||| 00| 0 eng d |
| 020 ## - INTERNATIONAL STANDARD BOOK NUMBER | |
| International Standard Book Number | 9780471145707 |
| 082 ## - DEWEY DECIMAL CLASSIFICATION NUMBER | |
| Classification number | 363.2092 JEF |
| 100 ## - MAIN ENTRY--PERSONAL NAME | |
| Personal name | H.Paul Jeffers |
| 9 (RLIN) | 9183 |
| 245 ## - TITLE STATEMENT | |
| Title | Commissioner Roosevelt : The Story of Theodore Roosevelt and the New York City Police 1895-1897 |
| Medium | english |
| 250 ## - EDITION STATEMENT | |
| Edition statement | 1st |
| 260 ## - PUBLICATION, DISTRIBUTION, ETC. | |
| Place of publication, distribution, etc. | New york |
| Name of publisher, distributor, etc. | John Wiley |
| Date of publication, distribution, etc. | 1994 |
| 300 ## - PHYSICAL DESCRIPTION | |
| Extent | xii 285p. |
| 500 ## - GENERAL NOTE | |
| General note | Gifted By AM Masood Akhtar |
| 942 ## - ADDED ENTRY ELEMENTS (KOHA) | |
| Institution code [OBSOLETE] | CAENUST |
| Koha item type | Book |
| Call number prefix | 363.2092 JEF |
| Source of classification or shelving scheme | |
| Withdrawn status | Lost status | Damaged status | Not for loan | Collection code | Permanent Location | Current Location | Date acquired | Total Checkouts | Full call number | Barcode | Date last seen | Price effective from | Koha item type |
|---|---|---|---|---|---|---|---|---|---|---|---|---|---|
| College of Aeronautical Engineering (CAE) | College of Aeronautical Engineering (CAE) | 04/03/2017 | 363.2092 JEF | CAEG-9793 | 04/05/2017 | 04/05/2017 | Book |
